000 00831nam a2200253Ia 4500
003 OSt
005 20220926022422.0
006 a|||||r|||| 00| 0
007 ta
008 220923b |||||||| |||| 00| 0 eng d
037 _cGeneral Book
040 _aRTL
_cRTL
_beng
041 _2eng
_aeng
082 _aX9(D3)s1,N7, L4/UN
110 _aUnited Nations International Economic and Social Affairs (Department of....)
245 0 _aCompendium of human settlements statistics (i.e. H
260 _aNew York
_bUnited Nations U. S. A.
_c1974
300 _a293p
_ccm.
490 _v1972-74
650 _aHousing Industry
_9231829
700 _aUnited Nations International Economic and Social Affairs (Department of....)
942 _hX9(D3)s1,N7, L4/UN
_cGB
_2CC
999 _c639426
_d639426